| 000 | 01115nam0a22002651 4500 | ||
|---|---|---|---|
| 001 | rc\3663143 | ||
| 005 | 20250610055812.0 | ||
| 021 |
_aRU _bРг2480-74 |
||
| 021 |
_aRU _b74-ОЭ-6/12 |
||
| 035 | _a(NLR Aleph) 007741145 | ||
| 090 |
_a7160514 _c7160514 |
||
| 100 | _a20130115d1973 |||y0rusy50 ca | ||
| 101 | 0 | _arus | |
| 102 | _aRU | ||
| 105 | _ay z ||||| | ||
| 200 | 1 |
_aЖилищное законодательство _eСборник конфликтных ситуаций _eУчеб. пособие _fМ-во высш. и сред. спец. образ. ЛатвССР. Межотраслевой ин-т повышения квалификации специалистов нар. хоз-ва ЛатвССР. Фак. упр. нар. хоз-вом. Кафедра гос.-правовых наук |
|
| 210 |
_aРига _cБ. и. _d1973 |
||
| 215 |
_a24 с. _d19 |
||
| 320 | _aБиблиогр. в конце разделов | ||
| 700 | 1 |
_aКукля _bЛ.Ю. _gЛейб Юделович |
|
| 801 | 0 |
_aRU _bNLR _gpsbo |
|
| 801 | 1 |
_aRU _bELAR _2rusmarc |
|
| 852 |
_aNLR _j73-4/44802 |
||
| 942 | _cBOOK | ||
| 980 | _aNB | ||